Library of the University of Algiers 3
Ibrahim Sultan Cheibout
شعار جامعة الجزائر 3
مكتبة جامعة الجزائر 3
إبراهيم سلطان شيبوط

محاضرات في إدارة الموارد البشرية / (رقم التسجيلة. 46299)

تفاصيل مارك
000 -LEADER
fixed length control field 01053nam a2200241Ia 4500
003 - CONTROL NUMBER IDENTIFIER
control field Ost
005 - DATE AND TIME OF LATEST TRANSACTION
control field 20260507075802.0
008 - FIXED-LENGTH DATA ELEMENTS--GENERAL INFORMATION
fixed length control field 260507s9999||||xx |||||||||||||| ||und||
020 ## - INTERNATIONAL STANDARD BOOK NUMBER
International Standard Book Number 9789957026301
040 ## - CATALOGING SOURCE
Transcribing agency fsecg
041 ## - LANGUAGE CODE
Language code of text/sound track or separate title ara
082 ## - DEWEY DECIMAL CLASSIFICATION NUMBER
Classification number 350.1
100 ## - MAIN ENTRY--PERSONAL NAME
Personal name مطالي، ليلى
Relator term مؤلف
245 #0 - TITLE STATEMENT
Title محاضرات في إدارة الموارد البشرية /
Statement of responsibility, etc. ليلى مطالي
260 ## - PUBLICATION, DISTRIBUTION, ETC.
Place of publication, distribution, etc. عمان:
Name of publisher, distributor, etc. دار مجدلاوي للنشر والتوزيع,
Date of publication, distribution, etc. 2018
300 ## - PHYSICAL DESCRIPTION
Extent 193 صفحة؛
Other physical details إيضاحات ؛
Dimensions 24 سم
504 ## - BIBLIOGRAPHY, ETC. NOTE
Bibliography, etc. note بيبليوغرافيا: ص ص.191-193
520 ## - SUMMARY, ETC.
Summary, etc. يضم مدخل لإدارة المواردالبشرية، تخطيط الموارد البشرية، تصميم وتحليل الوظائف، استقطاب واختيار الموارد البشرية، تدريب وتنمية الموارد البشرية، تقييم الأداء .
653 ## - INDEX TERM--UNCONTROLLED
Uncontrolled term إدارة الأفراد
653 ## - INDEX TERM--UNCONTROLLED
Uncontrolled term القوى العاملة
653 ## - INDEX TERM--UNCONTROLLED
Uncontrolled term تقييم الأداء
942 ## - ADDED ENTRY ELEMENTS (KOHA)
Koha item type كتب
المقتنيات
Withdrawn status Lost status Source of classification or shelving scheme Damaged status Not for loan Home library Current library Date acquired Serial enumeration / chronology Inventory number Total checkouts Full call number Barcode Date last seen Price effective from Koha item type
    Library of Congress Classification   NOT LOAN / إعارة داخلية مكتبة كلية العلوم الإقتصادية والعلوم التجارية وعلوم التسيير مكتبة كلية العلوم الإقتصادية والعلوم التجارية وعلوم التسيير 07/05/2026 الطابق الأرضي 025.21/562   502/025.21ن01 025.21/562 07/05/2026 07/05/2026 كتب

موارد الويب المفتوحة


© University of Algiers 3 All Rights Reserved
|
Implemented by LECHELAH Riad